[Event "SWE-chT 0102"]
[Site "?"]
[Date "2001.??.??"]
[Round "5"]
[White "Djurhuus Rune"]
[Black "Aberg Anton"]
[Result "1-0"]
[WhiteElo "2514"]
[BlackElo "2438"]
[PlyCount "81"]
[EventDate "2001.??.??"]
[Source "www.chesslib.no"]
[SourceDate "2004.05.04"]

1. e4 c6 2. Ne2 d5 3. e5 c5 4. d4 Nc6 5. c3 e6 6. a3 a5 7. Be3 Bd7 8. Nd2 a4 9. f4 cxd4 10. Nxd4 Nxd4 11. Bxd4 Ne7 12. Bd3 Nc6 13. Be3 f5 14. O-O Be7 15. g4 O-O 16. gxf5 exf5 17. Nf3 Qa5 18. Bc2 Nd8 19. Nd4 Bc5 20. Qf3 Bxd4 21. Bxd4 Ra6 22. h3 Rg6+ 23. Kh2 Ne6 24. Rad1 Bb5 25. Rf2 Bc4 26. Rfd2 Qb5 27. Be3 Qe8 28. Qf2 Rh6 29. Rg1 Rg6 30. Rxg6 hxg6 31. h4 Kf7 32. Qg3 Rh8 33. Bf2 Qb5 34. Bd1 Rh6 35. Qe3 Kg8 36. Kg3 Kf7 37. Qb6 Qd7 38. Qd6 Qb5 39. Bf3 Rh8 40. Bxd5 Bxd5 41. Rxd5 1-0

[Event "Lvov"]
[Site "Lvov"]
[Date "1983.??.??"]
[Round "?"]
[White "Vorotnikov, Vladislav V"]
[Black "Panchenko, Alexander N"]
[Result "0-1"]
[WhiteElo "2470"]
[BlackElo "2475"]
[PlyCount "88"]
[EventDate "1983.06.??"]
[Source "ChessBase"]

1. e4 c6 2. Nf3 g6 3. d4 Bg7 4. c3 d6 5. Bc4 Nf6 6. Nbd2 O-O 7. O-O Nxe4 8. Nxe4 d5 9. Bd3 dxe4 10. Bxe4 Nd7 11. Bf4 c5 12. Qb3 cxd4 13. cxd4 Qb6 14. Qxb6 axb6 15. Bc2 Nf6 16. Bb3 Bf5 17. Rfe1 e6 18. Bc7 Rfc8 19. Be5 Bc2 20. Bxf6 Bxf6 21. g4 Bxb3 22. axb3 Rxa1 23. Rxa1 Rd8 24. Rd1 e5 25. g5 Bg7 26. d5 e4 27. Ne1 Bxb2 28. Nc2 Kf8 29. Ne3 b5 30. Kg2 Ke7 31. f3 exf3+ 32. Kxf3 Kd6 33. h4 f5 34. h5 Rc8 35. hxg6 hxg6 36. Rh1 Bc1 37. Rh6 Rc3 38. Rxg6+ Ke5 39. Re6+ Kd4 40. g6 Bxe3 41. Ke2 Rc2+ 42. Kf3 Rf2+ 43. Kg3 f4+ 44. Kh3 Rf3+ 0-1

[Event "Erkel mem op"]
[Site "?"]
[Date "2000.11.06"]
[Round "9"]
[White "Chernyshov Konstantin"]
[Black "Vajda Albert"]
[Result "1/2-1/2"]
[WhiteElo "2535"]
[BlackElo "2410"]
[PlyCount "86"]
[EventDate "2000.??.??"]
[Source "www.chesslib.no"]
[SourceDate "2004.05.04"]

1. e4 c6 2. Nf3 d5 3. Nc3 a6 4. d4 Bg4 5. Be3 e6 6. h3 Bh5 7. a3 Nf6 8. Bd3 Be7 9. Qe2 dxe4 10. Nxe4 Nbd7 11. Ng3 Bg6 12. Bxg6 hxg6 13. O-O-O Qa5 14. Kb1 c5 15. dxc5 Bxc5 16. Bxc5 Qxc5 17. h4 Rc8 18. Ng5 Qc4 19. Qd2 Nb6 20. h5 gxh5 21. f3 Qb5 22. N5e4 Nxe4 23. Nxe4 Nc4 24. Nd6+ Nxd6 25. Qxd6 Qc6 26. Qd2 Qc5 27. c3 Qe7 28. Qd4 Kf8 29. g4 h4 30. f4 Re8 31. Qb6 e5 32. f5 Rh6 33. Qe3 Kg8 34. Rd5 e4 35. c4 Qc7 36. g5 Rh5 37. c5 h3 38. Rxh3 Rxh3 39. Qxh3 e3 40. g6 e2 41. Qh7+ Kf8 42. Qh8+ Ke7 43. Qh4+ Kf8 1/2-1/2

[Event "TCh-AUT 1st Bundesliga 2007-8"]
[Site "Graz AUT"]
[Date "2008.03.14"]
[Round "9"]
[White "Wegerle, J."]
[Black "Nanu, C."]
[Result "1/2-1/2"]
[WhiteElo "2415"]
[BlackElo "2527"]
[PlyCount "81"]
[EventDate "2008.03.14"]
[Source "www.chesslib.no"]
[SourceDate "2004.05.04"]

1. e4 c6 2. Nf3 d5 3. exd5 cxd5 4. Ne5 Nf6 5. d4 Nc6 6. Bb5 Bd7 7. Nxd7 Qxd7 8. c3 a6 9. Bd3 e6 10. Qe2 Rc8 11. O-O Bd6 12. f4 Qc7 13. g3 h5 14. Nd2 h4 15. Nf3 hxg3 16. hxg3 Ke7 17. Kg2 Rh5 18. Bd2 Rch8 19. Rh1 Rxh1 20. Rxh1 Rxh1 21. Kxh1 Qc8 22. Kg2 Kf8 23. Ne5 Ne7 24. g4 Nfg8 25. Qe3 f6 26. Ng6+ Nxg6 27. Bxg6 Ne7 28. Bd3 f5 29. Qh3 fxg4 30. Qh8+ Ng8 31. Bh7 Kf7 32. Bxg8+ Qxg8 33. Qxg8+ Kxg8 34. Kg3 Kf7 35. Kxg4 Kg6 36. Be1 Be7 37. Bd2 b5 38. b4 Bd8 39. Be3 a5 40. a3 a4 41. Bd2 1/2-1/2

[Event "Chesspangenberg"]
[Site "Buenos Aires"]
[Date "2003.11.11"]
[Round "7.4"]
[White "Rodriguez, Andres"]
[Black "Garcia Palermo, Carlos"]
[Result "1-0"]
[WhiteElo "2498"]
[BlackElo "2443"]
[PlyCount "79"]
[EventDate "2003.11.04"]
[Source "Roberto Alvarez"]
[SourceDate "2003.11.17"]

1. e4 c6 2. f4 d5 3. e5 h5 4. Be2 g6 5. c3 Nh6 6. Na3 Bg4 7. Nc2 e6 8. g3 Bxe2 9. Nxe2 c5 10. d4 Nc6 11. O-O Nf5 12. h3 Qb6 13. g4 hxg4 14. hxg4 cxd4 15. cxd4 Kd7 16. gxf5 gxf5 17. Rf2 Be7 18. Qd3 Rh4 19. Rb1 Rg8+ 20. Rg2 Rxg2+ 21. Kxg2 Qd8 22. Qf3 Qh8 23. Be3 Rh2+ 24. Kg1 Rh3 25. Qg2 Rh7 26. Bf2 Bh4 27. Rf1 Ne7 28. Bxh4 Rxh4 29. Ne3 Rh7 30. Rf3 Ng6 31. Rg3 Rh4 32. Nxf5 exf5 33. Qxd5+ Kc8 34. e6 fxe6 35. Qxe6+ Kb8 36. Qd6+ Ka8 37. Qxg6 Rh1+ 38. Kf2 Rh2+ 39. Kf3 Rh3 40. Rxh3 1-0

[Event "Chesspangenberg"]
[Site "Buenos Aires"]
[Date "2003.11.08"]
[Round "5.4"]
[White "Rodriguez, Andres"]
[Black "Gomez Baillo, Jorge"]
[Result "1-0"]
[WhiteElo "2498"]
[BlackElo "2438"]
[PlyCount "53"]
[EventDate "2003.11.04"]
[Source "Roberto Alvarez"]
[SourceDate "2003.11.17"]

1. e4 c6 2. f4 d5 3. e5 Bf5 4. Nf3 e6 5. Be2 h5 6. O-O Nh6 7. Kh1 Bg4 8. c3 Nf5 9. Na3 Nd7 10. Nc2 Bc5 11. d4 Be7 12. b4 Bxf3 13. Rxf3 a5 14. Rh3 axb4 15. cxb4 h4 16. g4 Nh6 17. Bd3 Nb6 18. f5 Bg5 19. Ne3 Kd7 20. a4 Nc8 21. b5 Be7 22. Rb1 Nb6 23. bxc6+ bxc6 24. Bd2 Qc7 25. a5 Nc4 26. Nxc4 dxc4 27. Bxc4 1-0

[Event "POL Team Ch"]
[Site "Lubniewice POL"]
[Date "1995.??.??"]
[Round "5"]
[White "Kveinys, Aloyzas"]
[Black "Urban, Klaudiusz"]
[Result "1-0"]
[WhiteElo "2525"]
[BlackElo "2410"]
[PlyCount "74"]
[EventDate "1995.??.??"]
[Source "www.chesslib.no"]
[SourceDate "2004.05.04"]

1. e4 c6 2. Nf3 g6 3. d4 Bg7 4. Nbd2 d6 5. c3 Nf6 6. Bd3 O-O 7. O-O Nbd7 8. a4 e5 9. Re1 Re8 10. a5 Qc7 11. Qc2 h6 12. dxe5 dxe5 13. b4 Nf8 14. Nc4 Bg4 15. Nfd2 b5 16. Ne3 Be6 17. c4 Rac8 18. Nb3 N8d7 19. Bb2 Qb8 20. Rab1 a6 21. Bc3 Ng4 22. Nxg4 Bxg4 23. Bd2 Be6 24. Rec1 Bf8 25. Be3 Bxb4 26. Bxh6 Nc5 27. Be2 Nxb3 28. Qxb3 Be7 29. Rc3 Red8 30. Rg3 Rd4 31. h4 Rxe4 32. h5 Rxe2 33. hxg6 f5 34. Rh3 Qc7 35. Rh5 Re4 36. Qh3 Bf6 37. Bg5 Qg7 1-0

[Event "RUS-Cup3"]
[Site "Omsk"]
[Date "1996.??.??"]
[Round "2"]
[White "Minasian, Ara"]
[Black "Burmakin, Vladimir"]
[Result "0-1"]
[WhiteElo "2425"]
[BlackElo "2505"]
[PlyCount "80"]
[EventDate "1996.12.13"]
[Source "ChessBase"]
[SourceDate "1997.04.10"]

1. e4 c6 2. Nf3 d5 3. Nc3 dxe4 4. Nxe4 Nd7 5. Bc4 Ngf6 6. Neg5 e6 7. Nxf7 Kxf7 8. Ng5+ Ke7 9. Nxe6 Qa5 10. O-O Ne5 11. Re1 Nxc4 12. b4 Qxb4 13. c3 Qa5 14. Qb3 b5 15. Ng5+ Kd7 16. d3 Qa4 17. Qxa4 bxa4 18. dxc4 Kc7 19. Bf4+ Kb6 20. Nf7 Rg8 21. Rab1+ Ka6 22. Bd6 Bd7 23. c5 Bxd6 24. cxd6 Rab8 25. Ne5 Rxb1 26. Rxb1 c5 27. c4 Bf5 28. Rb5 Nd7 29. f4 Rc8 30. g4 Nxe5 31. fxe5 Bxg4 32. Rb2 Be6 33. Rg2 g6 34. Rf2 Kb7 35. Rf6 Re8 36. Kf2 Kc6 37. Ke3 Bxc4 38. Kf4 Bxa2 39. h4 Be6 40. h5 a3 0-1

[Event "ROM-ch"]
[Site "Bucharest"]
[Date "1998.12.18"]
[Round "10"]
[White "Badea, Bela"]
[Black "Szuhanek, Ranko"]
[Result "1-0"]
[WhiteElo "2530"]
[BlackElo "2400"]
[PlyCount "81"]
[EventDate "1998.12.08"]
[Source "ChessBase"]
[SourceDate "1999.04.01"]

1. e4 c6 2. Nf3 d5 3. Nc3 dxe4 4. Nxe4 Nf6 5. Nxf6+ gxf6 6. g3 Bg4 7. Bg2 e6 8. h3 Bh5 9. d3 Rg8 10. Be3 Bb4+ 11. Kf1 f5 12. Bf4 Nd7 13. c3 Be7 14. d4 Nf6 15. Qb3 Nd5 16. Bd2 Qb6 17. Ne5 f6 18. Qxb6 axb6 19. Nd3 b5 20. a3 Nb6 21. Re1 Nc4 22. Bc1 Kd7 23. g4 fxg4 24. Nf4 Bf7 25. hxg4 Rg7 26. Rh6 Bd6 27. Rxf6 Be7 28. Rh6 Bg5 29. Nxe6 Bxh6 30. Nc5+ Kd6 31. Bxh6 Rxg4 32. Nxb7+ Kc7 33. Re7+ Kb6 34. Rxf7 Rag8 35. Nc5 Nd6 36. Rd7 Rxg2 37. Rxd6 Rg1+ 38. Ke2 b4 39. Rd7 Rb8 40. Bf4 bxa3 41. Bxb8 1-0

[Event "RUS-Cup06"]
[Site "Tomsk"]
[Date "2001.07.06"]
[Round "7"]
[White "Katalymov, Boris N"]
[Black "Ovetchkin, Roman"]
[Result "0-1"]
[WhiteElo "2424"]
[BlackElo "2497"]
[PlyCount "116"]
[EventDate "2001.06.30"]
[Source "ChessBase"]
[SourceDate "2001.09.11"]

1. e4 c6 2. f4 d5 3. e5 Bf5 4. g4 Be4 5. Nf3 h5 6. g5 e6 7. Nc3 Bf5 8. Nh4 Ne7 9. d4 g6 10. h3 Nd7 11. Be3 Qb6 12. Qc1 a6 13. a4 c5 14. a5 Qc7 15. Rh2 cxd4 16. Bxd4 Nc6 17. Qe3 Bb4 18. Nxf5 gxf5 19. Kd1 O-O-O 20. Bb6 Nxb6 21. axb6 Qe7 22. Na4 Kb8 23. h4 d4 24. Qf2 Ba5 25. Rh3 Rc8 26. Rb3 Nb4 27. Bd3 Qd7 28. Qf3 Rhd8 29. Rba3 Nxd3 30. Rxd3 Qb5 31. b3 Bxb6 32. Nb2 Ba5 33. Nc4 Bc3 34. Ra4 Bb4 35. Ra2 a5 36. Nd6 Bxd6 37. exd6 Rxd6 38. Qxh5 e5 39. fxe5 Qxe5 40. Qe2 Qf4 41. Rxa5 Qxh4 42. Rxf5 Re6 43. Qf2 Qh1+ 44. Qf1 Qc6 45. Qf2 Re4 46. Qh2+ Ka7 47. Ra5+ Kb6 48. Ra4 Rh4 49. Rb4+ Ka5 50. Ra4+ Qxa4 51. Qxh4 Qa1+ 52. Kd2 Qb1 53. Qxd4 Rxc2+ 54. Ke3 Qg1+ 55. Kf3 Qg2+ 56. Kf4 Rf2+ 57. Ke5 Qxg5+ 58. Kd6 Qd8+ 0-1

[Event "VIII Open San Agustin"]
[Site "Aviles"]
[Date "2003.08.18"]
[Round "4.2"]
[White "Mamedov, Rauf"]
[Black "Erenburg, Sergey"]
[Result "1/2-1/2"]
[WhiteElo "2409"]
[BlackElo "2512"]
[PlyCount "149"]
[EventDate "2003.08.16"]
[Source "Roberto Alvarez"]
[SourceDate "2003.09.15"]

1. e4 c6 2. Nf3 d5 3. exd5 cxd5 4. c4 Nf6 5. cxd5 Nxd5 6. Nc3 Nxc3 7. bxc3 g6 8. Bc4 Bg7 9. O-O O-O 10. Re1 Qc7 11. Bb3 Nc6 12. Ba3 Bf6 13. Qe2 Bf5 14. Rac1 Rac8 15. h3 h5 16. d4 Na5 17. c4 Nxb3 18. axb3 Rfd8 19. d5 e6 20. dxe6 Bxe6 21. Bb2 Qf4 22. Bxf6 Qxf6 23. Qe3 a6 24. Rcd1 Bf5 25. Ne5 Rxd1 26. Rxd1 Rd8 27. Rd4 Rxd4 28. Qxd4 Be6 29. b4 Bxc4 30. Qxc4 Qxe5 31. Qc8+ Kg7 32. Qxb7 Qe1+ 33. Kh2 Qxf2 34. Qxa6 Qf4+ 35. Kh1 Qxb4 36. Qa1+ Kh7 37. Qf6 Qe1+ 38. Kh2 Qe6 39. Qd4 f6 40. Qa7+ Kh6 41. Qa8 Kg5 42. Qd8 Qe1 43. Qa8 h4 44. Qc8 Qe5+ 45. Kh1 Qd4 46. Qc1+ Qf4 47. Qc5+ Qe5 48. Qc1+ Kf5 49. Qc8+ Qe6 50. Qc5+ Kf4 51. Qf2+ Kg5 52. Qd2+ Kh5 53. Qd1+ Kh6 54. Qd8 g5 55. Kh2 Kg6 56. Kh1 f5 57. Kh2 Qe5+ 58. Kh1 Qe1+ 59. Kh2 Qe6 60. Kh1 f4 61. Qd3+ Kh6 62. Qc3 Kh7 63. Qd3+ Kg7 64. Qc3+ Kf7 65. Qc7+ Kf6 66. Qc3+ Kf5 67. Qd3+ Qe4 68. Qd7+ Kg6 69. Qd6+ Kh5 70. Qf6 Qe1+ 71. Kh2 Qg3+ 72. Kh1 Qe1+ 73. Kh2 Qg3+ 74. Kh1 Qe1+ 75. Kh2 1/2-1/2

[Event "Lone Pine op"]
[Site "Lone Pine"]
[Date "1978.??.??"]
[Round "5"]
[White "Mestrovic, Zvonimir"]
[Black "Commons, Kim S"]
[Result "1-0"]
[WhiteElo "2435"]
[BlackElo "2485"]
[PlyCount "117"]
[EventDate "1978.04.??"]
[Source "ChessBase"]

1. e4 c6 2. e5 d6 3. Nf3 Bg4 4. Bc4 e6 5. exd6 Bxd6 6. Nc3 Nf6 7. d4 Nbd7 8. Be2 O-O 9. O-O Qc7 10. h3 Bh5 11. Re1 Rfd8 12. Nh4 Bxe2 13. Qxe2 a6 14. Bg5 h6 15. Be3 b5 16. Rad1 b4 17. Na4 Nd5 18. Qc4 Qa5 19. Qb3 Rab8 20. Nf3 Qb5 21. Nd2 Nxe3 22. Rxe3 Bf4 23. Rd3 Bxd2 24. R1xd2 a5 25. Rd1 Rdc8 26. Rg3 g6 27. Re1 Kg7 28. Rf3 Qd5 29. Qe3 Rf8 30. b3 Rbd8 31. c4 bxc3 32. Nxc3 Qd6 33. Ne4 Qd5 34. Qc3 a4 35. bxa4 Ra8 36. Qc2 Ra7 37. Rd1 Rfa8 38. Nc3 Qa5 39. Qe4 Qc7 40. Qh4 Nb6 41. Rc1 Qd8 42. Qe4 Nd5 43. Qe5+ Kg8 44. Ne4 Rxa4 45. Rxc6 R4a6 46. Rxf7 Kxf7 47. Qxe6+ Kf8 48. Rxa6 Rxa6 49. Qxa6 Nf4 50. Qd6+ Qxd6 51. Nxd6 Ke7 52. Nb5 Kd7 53. h4 Kc6 54. Nc3 Kb6 55. g3 Ne6 56. Nd5+ Kb5 57. Nf4 Nf8 58. d5 Kc4 59. Kg2 1-0

[Event "Moscow RUS"]
[Site "?"]
[Date "2005.02.18"]
[Round "4"]
[White "Romero Holmes Alfonso"]
[Black "Ageichenko Genadi A"]
[Result "0-1"]
[WhiteElo "2510"]
[BlackElo "2401"]
[PlyCount "66"]
[EventDate "2005.??.??"]
[Source "www.chesslib.no"]
[SourceDate "2004.05.04"]

1. e4 c6 2. Ne2 d5 3. e5 Bf5 4. Ng3 Bg6 5. h4 h6 6. h5 Bh7 7. e6 fxe6 8. d4 e5 9. dxe5 e6 10. Bd3 Bxd3 11. Qxd3 Qd7 12. O-O Bc5 13. Be3 Na6 14. Bxc5 Nxc5 15. Qd4 Na6 16. Qg4 Ne7 17. Qxg7 O-O-O 18. Nd2 Rdg8 19. Qf6 Rf8 20. Qh4 Nf5 21. Qh3 Rhg8 22. Nf3 Nc5 23. Nh4 Nxh4 24. Qxh4 Qg7 25. Rad1 Rf5 26. Qh3 Rf4 27. Ne2 Rh4 28. Qf3 Ne4 29. g3 Ng5 30. Qf6 Rf8 31. Nd4 Nh3+ 32. Kh2 Rxf6 33. exf6 Nf4+ 0-1

[Event "Ubeda op 6th"]
[Site "Ubeda"]
[Date "2001.01.29"]
[Round "9.22"]
[White "Yandemirov, Valeri"]
[Black "Yagupov, Igor"]
[Result "1/2-1/2"]
[WhiteElo "2494"]
[BlackElo "2417"]
[PlyCount "35"]
[EventDate "2001.01.21"]
[Source "ChessBase"]
[SourceDate "2001.03.08"]

1. e4 c6 2. e5 d6 3. exd6 exd6 4. d4 d5 5. Nf3 Bd6 6. Bd3 Ne7 7. O-O O-O 8. Re1 Bf5 9. Bg5 Bg6 10. Bxg6 hxg6 11. Qd3 Na6 12. Nbd2 Nc7 13. Bxe7 Bxe7 14. Ne5 Bd6 15. Ndf3 Qc8 16. Re3 Qf5 17. Rae1 Qxd3 18. Rxd3 1/2-1/2

[Event "Elgoibar"]
[Site "Elgoibar ESP"]
[Date "1995.??.??"]
[Round "8"]
[White "Mitkov, Nikola"]
[Black "Miezis, Normunds"]
[Result "1-0"]
[WhiteElo "2475"]
[BlackElo "2435"]
[PlyCount "105"]
[EventDate "1995.11.??"]
[Source "www.chesslib.no"]
[SourceDate "2004.05.04"]

1. e4 c6 2. Ne2 e5 3. d4 d6 4. Nbc3 Nf6 5. f3 Qb6 6. Be3 Nbd7 7. Qc1 Qa5 8. Qd2 b5 9. a3 Qc7 10. Ng3 Nb6 11. b3 h5 12. Qf2 Be7 13. Bd3 h4 14. Nge2 Rb8 15. O-O a6 16. a4 b4 17. a5 Nbd7 18. Na4 exd4 19. Nxd4 Ne5 20. Nb6 c5 21. Ne2 h3 22. g3 Bg4 23. fxg4 Nfxg4 24. Nd5 Qa7 25. Qf4 g5 26. Qf5 Nxe3 27. Nxe3 c4 28. Bxc4 Qxe3+ 29. Kh1 Rh6 30. Bxa6 Rf6 31. Qxh3 Qxe4+ 32. Qg2 d5 33. Rxf6 Bxf6 34. Rf1 Bd8 35. Rd1 Ng4 36. Qxe4+ dxe4 37. Rd5 f6 38. Nd4 Ne3 39. Bb5+ Kf8 40. Rxd8+ Rxd8 41. Ne6+ Ke7 42. Nxd8 Kxd8 43. Bc6 Kc7 44. Bxe4 f5 45. Bd3 f4 46. gxf4 gxf4 47. Kg1 Ng4 48. h4 Kc6 49. h5 Kd5 50. a6 Kc6 51. Kg2 Ne5 52. h6 f3+ 53. Kf1 1-0

[Event "Eger Open"]
[Site "Eger"]
[Date "1993.??.??"]
[Round "5"]
[White "Varga, Zoltan"]
[Black "Burmakin, Vladimir"]
[Result "0-1"]
[WhiteElo "2450"]
[BlackElo "2460"]
[PlyCount "70"]
[EventDate "1993.??.??"]
[Source "www.chesslib.no"]
[SourceDate "2004.05.04"]

1. e4 c6 2. Ne2 d5 3. e5 c5 4. f4 Nc6 5. Nbc3 Bg4 6. h3 Bxe2 7. Bxe2 e6 8. O-O g6 9. Bf3 h5 10. Ne2 Nh6 11. c4 dxc4 12. Qa4 Qd7 13. Bxc6 Qxc6 14. Qxc6+ bxc6 15. Rf3 Nf5 16. Rc3 O-O-O 17. Rxc4 Rg8 18. Kf2 g5 19. fxg5 Rxg5 20. d3 Rg8 21. Rc3 Rd5 22. Nf4 Rxe5 23. Nxh5 Nd4 24. Ng3 Bd6 25. Bf4 Rxg3 26. Bxe5 Bxe5 27. Re1 Bd6 28. Re4 Rg5 29. Rg4 Rf5+ 30. Ke1 Bc7 31. b4 cxb4 32. Rc4 e5 33. Rg8+ Kb7 34. g4 Rf3 35. h4 Ba5 0-1

[Event "Rohde op"]
[Site "Sautron"]
[Date "2001.??.??"]
[Round "6"]
[White "Kogan, Artur"]
[Black "Abdulla, Al Rakib"]
[Result "1-0"]
[WhiteElo "2517"]
[BlackElo "2393"]
[PlyCount "69"]
[EventDate "2001.10.27"]
[Source "ChessBase"]
[SourceDate "2002.01.21"]

1. e4 c6 2. Ne2 d5 3. e5 Na6 4. d4 Nc7 5. Nf4 g6 6. c4 Nh6 7. Nc3 Bg7 8. cxd5 Nxd5 9. Nfxd5 cxd5 10. h4 a6 11. h5 Be6 12. Bf4 f6 13. hxg6 hxg6 14. exf6 exf6 15. Bd3 g5 16. Bg3 f5 17. Qe2 Kd7 18. Be5 Bxe5 19. Qxe5 Ng4 20. Qg7+ Qe7 21. Qxe7+ Kxe7 22. Ke2 f4 23. Na4 Rae8 24. Nc5 Bc8 25. Bg6 Ref8 26. Rac1 Rfg8 27. Bc2 Kd6 28. Ba4 Nh6 29. Nxa6 Nf5 30. Nc7 Nxd4+ 31. Kd3 Rxh1 32. Rxh1 Nc6 33. Nxd5 Ne5+ 34. Kd4 Be6 35. Nf6 1-0

[Event "XXIV ECC"]
[Site "Kallithea GRE"]
[Date "2008.10.17"]
[Round "1"]
[White "Broekmeulen, Ja"]
[Black "Arutinian, D."]
[Result "0-1"]
[WhiteElo "2325"]
[BlackElo "2584"]
[PlyCount "58"]
[EventDate "2008.10.17"]
[Source "www.chesslib.no"]
[SourceDate "2004.05.04"]

1. e4 c6 2. Nf3 d5 3. exd5 cxd5 4. Ne5 Nf6 5. d4 g6 6. Bb5+ Nbd7 7. Nc3 Bg7 8. Qf3 O-O 9. Bxd7 Bxd7 10. Bg5 Bf5 11. Bxf6 exf6 12. Ng4 Bxg4 13. Qxg4 Re8+ 14. Kf1 Qb6 15. Rb1 f5 16. Qf3 Bxd4 17. g3 Bxc3 18. Qxc3 d4 19. Qf3 Rac8 20. Kg2 Rxc2 21. Rhe1 Rxe1 22. Rxe1 Rxb2 23. Qf4 Kg7 24. Kh3 Qf6 25. Re8 g5 26. Qb8 g4+ 27. Kg2 Qc6+ 28. Kg1 Rb1+ 29. Re1 Rxe1# 0-1

[Event "Budapest FS06 GM"]
[Site "Budapest"]
[Date "2002.06.08"]
[Round "8"]
[White "Vajda, Levente"]
[Black "Sahovic, Dragutin"]
[Result "1-0"]
[WhiteElo "2535"]
[BlackElo "2371"]
[PlyCount "93"]
[EventDate "2002.06.01"]
[Source "ChessBase"]
[SourceDate "2002.07.08"]

1. e4 c5 2. c3 d5 3. exd5 Qxd5 4. d4 cxd4 5. cxd4 Nf6 6. Nc3 Qd6 7. Nf3 g6 8. Qa4+ Bd7 9. Nb5 Qb6 10. Qc4 Na6 11. Ne5 e6 12. Nxd7 Nxd7 13. a3 Bg7 14. Be2 O-O 15. O-O Rfc8 16. Qa4 Nf6 17. Bd2 Qc6 18. Rac1 Qd7 19. Bf3 Nd5 20. Bxd5 exd5 21. Bf4 h5 22. Qb3 Rc6 23. h3 Rb6 24. a4 Rc6 25. Rfe1 Rxc1 26. Rxc1 b6 27. Re1 Rc8 28. Bd6 Qf5 29. Bg3 Qd7 30. Qf3 Nb4 31. Bd6 Bf8 32. Bxf8 Rxf8 33. Qf6 a6 34. Re7 Qf5 35. Qxf5 gxf5 36. Nd6 f4 37. Rc7 Rd8 38. Nxf7 Re8 39. Ne5 Re6 40. Kf1 Rf6 41. Ke2 Re6 42. Kf3 Rf6 43. Nd7 Re6 44. Kxf4 Re4+ 45. Kf5 Rxd4 46. Nf6+ Kf8 47. Kg6 1-0

[Event "It (open)"]
[Site "Davos (Switzerland)"]
[Date "2007.08.12"]
[Round "7"]
[White "Tiller Bjorn (NOR)"]
[Black "Erdos Viktor (HUN)"]
[Result "1/2-1/2"]
[WhiteElo "2382"]
[BlackElo "2523"]
[PlyCount "62"]
[EventDate "2007.??.??"]
[Source "www.chesslib.no"]
[SourceDate "2004.05.04"]

1. e4 c6 2. f4 d5 3. d3 dxe4 4. dxe4 Qxd1+ 5. Kxd1 Nf6 6. Nc3 e5 7. Nf3 Nbd7 8. Bd3 Bd6 9. f5 g6 10. Bg5 h6 11. Bh4 Rg8 12. Re1 Nh5 13. fxg6 fxg6 14. Bf2 Nf4 15. Bf1 Nf6 16. Be3 g5 17. Nd2 Be6 18. g3 Nh3 19. Kc1 Rf8 20. a3 Ke7 21. b3 b5 22. Kb2 Nd7 23. Be2 a6 24. Rf1 Nf6 25. b4 a5 26. bxa5 Rxa5 27. Nb3 Raa8 28. Nc5 Bc8 29. a4 bxa4 30. Rxa4 Rxa4 31. N3xa4 Ng4 1/2-1/2

[Event "Campionato indiano 2008"]
[Site "Mangalore IND"]
[Date "2008.12.26"]
[Round "9"]
[White "Deepan, C."]
[Black "Thejkumar, M."]
[Result "1/2-1/2"]
[WhiteElo "2464"]
[BlackElo "2441"]
[PlyCount "121"]
[EventDate "2008.12.17"]
[Source "www.chesslib.no"]
[SourceDate "2004.05.04"]

1. e4 c6 2. Ne2 d5 3. e5 Bg4 4. d4 e6 5. c3 Nd7 6. Be3 f6 7. f4 Qb6 8. Qd2 Nh6 9. Ng3 Nf5 10. Nxf5 Bxf5 11. Be2 Be7 12. O-O O-O 13. c4 c5 14. Nc3 cxd4 15. Bxd4 Bc5 16. Bxc5 Qxc5+ 17. Kh1 d4 18. Nb5 fxe5 19. fxe5 d3 20. Bxd3 Bxd3 21. Qxd3 Nxe5 22. Qe2 Qxc4 23. Qxc4 Nxc4 24. b3 Ne3 25. Rxf8+ Rxf8 26. Kg1 a6 27. Nd6 Rd8 28. Nxb7 Rd2 29. g3 Ng4 30. h3 Nh2 31. a4 Nf3+ 32. Kf1 Rb2 33. Rd1 Nd2+ 34. Ke2 Ne4+ 35. Ke3 Rxb3+ 36. Kxe4 Rxb7 37. Ke5 Rb3 38. g4 Re3+ 39. Kf4 Rxh3 40. Rd6 Kf7 41. Rxa6 Kf6 42. g5+ Kf7 43. a5 Rc3 44. Ra8 Kg6 45. a6 Rc4+ 46. Ke5 Rc5+ 47. Kxe6 Kxg5 48. Kd6 Ra5 49. Kc6 h5 50. Kb6 Ra1 51. Rg8 g6 52. a7 h4 53. a8=Q Rxa8 54. Rxa8 h3 55. Kc5 Kg4 56. Kd4 g5 57. Ke4 h2 58. Rh8 Kg3 59. Kf5 g4 60. Rxh2 Kxh2 61. Kxg4 1/2-1/2

[Event "Moscow RUS"]
[Site "?"]
[Date "1996.??.??"]
[Round "7"]
[White "Balashov Yuri S"]
[Black "Galkin Alexander"]
[Result "1-0"]
[WhiteElo "2480"]
[BlackElo "2420"]
[PlyCount "119"]
[EventDate "1996.??.??"]
[Source "www.chesslib.no"]
[SourceDate "2004.05.04"]

1. e4 c6 2. Nf3 d5 3. Nc3 dxe4 4. Nxe4 Nd7 5. Bc4 Ngf6 6. Neg5 Nd5 7. d4 h6 8. Ne4 e6 9. O-O Qc7 10. Bb3 N5f6 11. Nxf6+ Nxf6 12. Re1 Bd6 13. Ne5 O-O 14. Qf3 Nd5 15. c4 Ne7 16. Bf4 f6 17. Nd3 Bxf4 18. Nxf4 e5 19. c5+ Kh8 20. Qe2 exf4 21. Qxe7 Bd7 22. Bf7 Qd8 23. Bg6 Qxe7 24. Rxe7 Rad8 25. Rae1 f5 26. h4 Bc8 27. Rd1 Bd7 28. Kf1 a5 29. h5 Be8 30. Rxb7 Bxg6 31. hxg6 Rf6 32. d5 cxd5 33. Rxd5 Rc8 34. Rb6 Kg8 35. a3 a4 36. Rxf6 gxf6 37. Rxf5 Kg7 38. Rxf4 Rxc5 39. Rb4 Rc2 40. g3 Kxg6 41. Kg2 Kg5 42. Kf3 h5 43. Ke3 f5 44. Rb6 Kg4 45. Rg6+ Kh3 46. Rg5 h4 47. gxh4 f4+ 48. Kf3 Rxb2 49. h5 Kh4 50. Ra5 Rb3+ 51. Kxf4 Rxa3 52. h6 Rb3 53. h7 Rb8 54. Rxa4 Kh5 55. Ra1 Rf8+ 56. Kg3 Kg6 57. Rh1 Rh8 58. Kg4 Kf6 59. f4 Kg7 60. Kg5 1-0

[Event "Mondariz op 7th"]
[Site "?"]
[Date "2000.07.28"]
[Round "3"]
[White "Fernandez Romero Ernesto"]
[Black "Gomez Esteban Juan Mario"]
[Result "1/2-1/2"]
[WhiteElo "2383"]
[BlackElo "2516"]
[PlyCount "88"]
[EventDate "2000.??.??"]
[Source "www.chesslib.no"]
[SourceDate "2004.05.04"]

1. e4 c6 2. Ne2 d5 3. e5 c5 4. d4 Nc6 5. c3 e6 6. Be3 Qb6 7. Qd2 Bd7 8. g3 Rc8 9. f4 cxd4 10. Bxd4 Nxd4 11. cxd4 Bb4 12. Nbc3 Bb5 13. Rc1 Ne7 14. a3 Bxc3 15. Nxc3 Bxf1 16. Rxf1 O-O 17. Rf3 Nc6 18. Rd1 Na5 19. b4 Nc4 20. Qa2 Rc7 21. f5 Nxe5 22. Re3 Ng4 23. Rf3 Rfc8 24. Ne2 Rc2 25. Qb3 Qb5 26. Rd2 Rxd2 27. Kxd2 Nf6 28. Nc3 Rxc3 29. Rxc3 Ne4+ 30. Ke3 Nxc3 31. Qxc3 Qc6 32. Qc5 exf5 33. Qxa7 g5 34. Qb8+ Kg7 35. Qe5+ Kg6 36. Kd2 Qc4 37. h4 h6 38. h5+ Kxh5 39. Qe2+ Qxe2+ 40. Kxe2 b5 41. a4 bxa4 42. Kd3 a3 43. Kc3 f4 44. gxf4 gxf4 1/2-1/2

[Event "otb"]
[Site "otb"]
[Date "2007.04.20"]
[Round "1"]
[White "Castaldo Folco"]
[Black "Fontaine Robert"]
[Result "0-1"]
[WhiteElo "2330"]
[BlackElo "2567"]
[PlyCount "92"]
[Source "www.chesslib.no"]
[SourceDate "2004.05.04"]

1. e4 c6 2. Nf3 d5 3. exd5 cxd5 4. Ne5 Nf6 5. d4 g6 6. c3 Bg7 7. Bd3 O-O 8. O-O Ne8 9. f4 Nd6 10. Be3 f6 11. Nf3 Nc6 12. Nbd2 Bf5 13. Qe2 Qd7 14. Nb3 Bxd3 15. Qxd3 b6 16. Rad1 e6 17. Nc1 a5 18. Qe2 a4 19. a3 Na5 20. Nd3 Nac4 21. Bc1 Rae8 22. Rfe1 h6 23. Nde5 fxe5 24. dxe5 g5 25. exd6 gxf4 26. Nd4 Qxd6 27. Nxe6 f3 28. gxf3 b5 29. f4 Kh8 30. Qg4 Rg8 31. Kh1 d4 32. Nxg7 Rxe1+ 33. Rxe1 Qd5+ 34. Qg2 Qxg2+ 35. Kxg2 Rxg7+ 36. Kf2 d3 37. Be3 d2 38. Rd1 Rg2+ 39. Kf3 Rxh2 40. Bd4+ Kg8 41. Bf2 Rh3+ 42. Ke2 Kf7 43. Rf1 Kf6 44. Kd1 Kf5 45. Kc2 Rh2 46. Kd1 Rg2 0-1

[Event "Tournament"]
[Site "Alaije"]
[Date "1983.??.??"]
[Round "?"]
[White "Orlov, Georgy"]
[Black "Tseitlin, Mark D"]
[Result "1-0"]
[WhiteElo "2415"]
[BlackElo "2475"]
[PlyCount "69"]
[EventDate "1983.??.??"]
[Source "www.chesslib.no"]
[SourceDate "2004.05.04"]

1. e4 c6 2. Nf3 d5 3. Nc3 dxe4 4. Nxe4 Nf6 5. Nxf6+ gxf6 6. Bc4 Bf5 7. d3 Qc7 8. Be3 Nd7 9. Qe2 e6 10. Nd4 Bg6 11. f4 O-O-O 12. O-O-O Bc5 13. Nf3 Bh5 14. Bxc5 Nxc5 15. Qe3 Qb6 16. Rhe1 Na4 17. Bb3 Qxe3+ 18. Rxe3 Nb6 19. Rde1 Bxf3 20. Rxf3 f5 21. Rg3 Rdg8 22. Rxg8+ Rxg8 23. Rxe6 Rxg2 24. Rh6 Rg7 25. Rh5 Nd7 26. Rxf5 Rg1+ 27. Kd2 Rg2+ 28. Kc3 Rxh2 29. Rxf7 Kd8 30. Be6 Nc5 31. f5 Rh6 32. b4 Nxe6 33. fxe6 Rxe6 34. Rxb7 h5 35. Rh7 1-0